000 01246cam a22003497a 4500
003 CHAP
005 20220329142326.0
008 000629d1996 br r 00110 por d
010 _a81756
011 _a82728
035 _a93230
040 _cCHAP
090 _aFolleto 15997
100 0 0 _aAvila, Crebio José.
_98849
245 1 0 _aBaculovirus :
_binseticida biológico que controla a lagarta da soja : instrucoes de uso
_c/par Crébio José Avila, Sérgio Arce Gomez e Clarice Zanoni Fontes
260 _aDourados :
_bEmpresa Brasileira de Pesquisa Agropecuaria do Oeste,
_c1996.
300 _ah. desplegable
590 _aBATCH-UPD
_b10
_c20130110
_lUCH01
_h0401
590 _aBATCH-UPD
_b10
_c20130110
_lUCH01
_h2038
590 _aBATCH-UPD
_b10
_c20130410
_lUCH01
_h0034
590 _aBATCH-UPD
_b10
_c20130914
_lUCH01
_h0352
590 _aCONVERSION
_b10
_c20130109
_lUCH01
_h1345
650 1 4 _aAnticarsia semmatilis.
_96054
650 1 4 _aBaculovirus anticarsia.
_99346
650 1 4 _aInsecticidas biológicos.
_958883
700 0 _aFontes, Clarice Zanoni.
_942174
700 0 _aGómez, Sergio Arce.
_949966
901 _aBK
905 _aAlejandra Carrasco M.
942 _cFOLL
949 _aFolleto 15997
_bBC
_cFOLL
_d932301
_eTS1
_i93230
_st
999 _c81756
_d81756